000 00244nam a2200109Ia 4500
008 190902s9999||||xx |||||||||||||| ||und||
100 _aM.C.Shukla
245 0 _aMercantile Law
260 _aCanada
_bPearson
_c2010
300 _a56
942 _cBK
999 _c2802
_d2802